[Event "1st ch-CHN Rap w Prelim"]
[Site "Hefei CHN"]
[Date "2011.07.03"]
[Round "2"]
[White "Guo Qi"]
[Black "Ju Wenjun"]
[Result "1/2-1/2"]
[WhiteElo "2368"]
[BlackElo "2515"]

1.d4 Nf6 2.c4 g6 3.Nc3 Bg7 4.e4 d6 5.Nf3 O-O 6.Be2 e5 7.O-O Nc6 8.d5 Ne7
9.Ne1 Nd7 10.Nd3 f5 11.Bd2 fxe4 12.Nxe4 Nf5 13.f3 a5 14.b3 b6 15.a3 Nc5 16.Ndxc5 bxc5
17.b4 axb4 18.axb4 Rxa1 19.Qxa1 Nd4 20.Bd3 Nb3 21.Qa2 Nxd2 22.Qxd2 cxb4 23.Qxb4 Bh6
24.c5 Be3+ 25.Kh1 dxc5 26.Qc4 Bf5 27.Re1 Bxe4 28.Rxe3 Bxd5 29.Qxc5 Qd6 30.Qc3 Re8
31.h3 c6 32.Re1 Qf6 33.Bc4 Kg7 34.Rb1 Re7 35.Rd1 Qf7 36.Bxd5 cxd5 37.Qd2 Rd7
38.Qe2 Qf5 39.Re1 Re7 40.Qd2 d4 41.f4 Qf6 42.Re4 exf4 43.Rxf4 Re1+ 44.Kh2 Rd1
45.Rxf6 Rxd2 46.Rd6 d3 47.Rd7+ Kf6 48.Rxh7 Rd1 49.Rd7 Ke6 50.Rd8 Ke5 51.Kg3 Ke4
52.Re8+ Kd4 53.Rd8+ Kc3 54.Rc8+ Kd4 55.Rd8+ Kc3 56.Rc8+ Kd4 57.Rd8+ Ke4 58.Re8+ Kd4
59.Rd8+ Ke3 60.Re8+ Kd4 61.Rd8+ Ke3 62.Re8+ Kd4  1/2-1/2

[Event "1st ch-CHN Rapid Men Prelim"]
[Site "Hefei CHN"]
[Date "2011.07.03"]
[Round "2.8"]
[White "Zeng,C"]
[Black "Wen Yang"]
[Result "1-0"]
[WhiteElo "2413"]
[BlackElo "2558"]

1.Nf3 Nf6 2.c4 g6 3.Nc3 Bg7 4.e4 d6 5.d4 O-O 6.Be2 e5 7.O-O Nc6 8.d5 Ne7
9.Ne1 Nd7 10.Nd3 f5 11.f3 Nf6 12.Bd2 c5 13.Rb1 Kh8 14.b4 b6 15.Qc1 Neg8 16.bxc5 bxc5
17.exf5 Bxf5 18.Rb7 Bc8 19.Rb3 Ne7 20.g4 Rf7 21.Nf2 Neg8 22.Kg2 Qf8 23.Qb1 Re7
24.Nfe4 Re8 25.Rb8 Ba6 26.Rxe8 Rxe8 27.Qc1 Nxe4 28.Nxe4 Rb8 29.Qa3 Rb6 30.Ba5 Rb7
31.Bd2 Rb6 32.Ba5 Rb7 33.Bc7 Rxc7 34.Qxa6 Rd7 35.Qc6 Qd8 36.Rb1 Bh6 37.Rb7 Rxb7
38.Qxb7 Bf4 39.Qxa7 Nf6 40.Ng3 h5 41.Qf7 h4 42.Nh1 Nh7 43.Qxg6 h3+ 44.Kxh3 Qa5
45.Bd3 Ng5+ 46.Kh4 Qe1+ 47.Ng3 Qf2 48.Qe8+ Kg7 49.Qe7+ Kg8 50.Kh5 Qxh2+ 51.Kg6 Nh7
52.Qg7+  1-0

[Event "1st ch-CHN Rap w Prelim"]
[Site "Hefei CHN"]
[Date "2011.07.03"]
[Round "3"]
[White "Shen Yang"]
[Black "Tan Zhongyi"]
[Result "1/2-1/2"]
[WhiteElo "2459"]
[BlackElo "2396"]

1.c4 Nf6 2.d4 g6 3.Nc3 Bg7 4.e4 d6 5.Nf3 O-O 6.Be2 e5 7.O-O Nc6 8.d5 Ne7
9.b4 Nh5 10.Re1 f5 11.Ng5 Nf6 12.Bf3 c6 13.b5 cxd5 14.cxd5 h6 15.Ne6 Bxe6
16.dxe6 fxe4 17.Nxe4 Nxe4 18.Bxe4 d5 19.Ba3 dxe4 20.Qxd8 Rfxd8 21.Bxe7 Re8
22.Bc5 Rxe6 23.Rxe4 a6 24.bxa6 Rexa6 25.a3 Bf8  1/2-1/2

[Event "TCh-TUR 2011"]
[Site "Konya TUR"]
[Date "2011.07.04"]
[Round "7"]
[White "Miroshnichenko,E"]
[Black "Mamedov,Nid"]
[Result "1/2-1/2"]
[WhiteElo "2651"]
[BlackElo "2587"]

1.d4 Nf6 2.c4 g6 3.Nc3 Bg7 4.e4 d6 5.Be2 O-O 6.Nf3 e5 7.O-O Nc6 8.d5 Ne7
9.Ne1 Nd7 10.Be3 f5 11.f3 f4 12.Bf2 g5 13.Rc1 Ng6 14.Nb5 b6 15.b4 a6 16.Nc3 Nf6
17.c5 Rb8 18.Nd3 bxc5 19.bxc5 h5 20.cxd6 cxd6 21.Qc2 g4 22.Rb1 Rxb1 23.Rxb1 h4
24.fxg4 Nxg4 25.Nd1 h3 26.Rb8 Nxf2 27.N1xf2 Qg5 28.Ne1 Ne7 29.Bf3 Bf6 30.Qc7 Kg7
31.Qxd6 Rh8 32.Qc7 hxg2 33.Bxg2 Bh3 34.Nxh3 Rxh3 35.Rb3 Rxb3 36.axb3 f3 37.Nxf3 Qe3+
38.Kh1 Kh6 39.Qc2 Kg7 40.Qd1 Ng6 41.Ng1 Nf4 42.Qf3 Qc1 43.Bf1 Be7 44.Bxa6 Bc5
45.Bf1 Kh6 46.Nh3 Ng6 47.Qd3 Qe1 48.Qe2 Qb1 49.Nf2 Bxf2 50.Qxf2 Qxe4+ 51.Qg2 Qd4
52.Qh3+ Kg7 53.Qd3 Qa1 54.d6 Nf4 55.Qf3 Kf6 56.d7 Ke7 57.Kg1 Kxd7 58.Qb7+ Ke8
59.Qb5+ Kf7 60.Kf2 Qd4+ 61.Kf3 Ne6 62.Qc4 e4+ 63.Ke2 Qb2+ 64.Ke3 Qxh2 65.Kxe4 Qd2  1/2-1/2

[Event "TCh-TUR 2011"]
[Site "Konya TUR"]
[Date "2011.07.04"]
[Round "8"]
[White "Citak,S"]
[Black "Korkmaz,N"]
[Result "1-0"]
[WhiteElo "2356"]
[BlackElo "2189"]

1.d4 Nf6 2.c4 g6 3.Nc3 Bg7 4.e4 d6 5.Nf3 O-O 6.Be2 e5 7.O-O Nc6 8.d5 Ne7
9.Nd2 Nd7 10.b4 f5 11.c5 Nf6 12.f3 f4 13.Nc4 g5 14.Ba3 Ne8 15.b5 b6 16.cxd6 cxd6
17.Bb4 Rf6 18.a4 Bd7 19.a5 Rb8 20.axb6 axb6 21.Ra6 Nc8 22.Qb3 Rh6 23.Qa3 g4
24.fxg4 Qh4 25.h3 Qg3 26.Rf3 Qe1+ 27.Bf1 Nc7 28.Qa1 Qh4 29.Ra2 Rg6 30.Ra7 Qd8
31.Ra3 Bf8 32.Nd2 Qh4 33.Rf2 Qd8 34.Nf3 Be7 35.Rc2 Rb7 36.Nd1 Ne8 37.Rc6 Bf8
38.Be1 Bxc6 39.bxc6 Rbg7 40.Nh4 Rg5 41.Ra8 Nf6 42.Ba6 Ra7 43.Rxa7 Nxa7 44.Nc3 Rg7
45.Nf5 Rc7 46.Bh4 Rf7 47.g5 Qc7 48.gxf6 Nxc6 49.dxc6 Qxc6 50.Nd5 Qc2 51.Nde7+ Kh8
52.Qf1 d5 53.exd5 Qc3 54.d6 e4 55.Qc4 Qa1+ 56.Kh2  1-0

[Event "TCh-TUR 2011"]
[Site "Konya TUR"]
[Date "2011.07.04"]
[Round "8"]
[White "Koksal,E"]
[Black "Hasbay,Erim"]
[Result "1/2-1/2"]
[WhiteElo "2004"]
[BlackElo "1651"]

1.d4 Nf6 2.c4 g6 3.Nc3 Bg7 4.e4 d6 5.Nf3 O-O 6.Be2 e5 7.O-O Nc6 8.d5 Ne7
9.Ne1 Nd7 10.Nd3 f5 11.Bd2 Nf6 12.f3 f4 13.c5 g5 14.cxd6 cxd6 15.Nf2 Ng6
16.Qc2 Rf7 17.Rfc1 a6 18.a4 h5 19.h3 g4 20.fxg4 hxg4 21.hxg4 Bf8 22.a5 Rh7
23.Na4 Nxg4 24.Bxg4 Bxg4 25.Nxg4 Qh4 26.Qd1 Qh1+ 27.Kf2 Qh4+ 28.Kf1 Qh1+
29.Kf2 Qh4+ 30.Kf1 Qh1+  1/2-1/2

[Event "XXXIV Open"]
[Site "Barbera del Valles ESP"]
[Date "2011.07.05"]
[Round "2"]
[White "Garcia Roman,D"]
[Black "Dalo,Hermes"]
[Result "1-0"]
[WhiteElo "2427"]
[BlackElo "2049"]

1.d4 Nf6 2.c4 g6 3.Nc3 Bg7 4.e4 d6 5.Be2 O-O 6.Nf3 e5 7.O-O Nc6 8.d5 Ne7
9.Ne1 Nd7 10.Be3 f5 11.f3 f4 12.Bf2 g5 13.a4 Nf6 14.a5 h5 15.c5 g4 16.cxd6 cxd6
17.Nb5 Ng6 18.Nxa7 g3 19.Bb6 gxh2+ 20.Kh1 Qe7 21.Rc1 Bd7 22.Rc7 Rab8 23.Bb5 Qe8
24.Qa4 Rf7 25.Bxd7 Nxd7 26.Nd3 Bf8 27.Rfc1 Qe7 28.Bf2 Qd8 29.Qb5 Rg7 30.Ne1 h4
31.Nc8 h3 32.Nb6 Qg5 33.Rxd7 Ne7 34.Qf1 hxg2+ 35.Nxg2 Qh5 36.Nh4 Kh8 37.Qh3  1-0

[Event "1st ch-CHN Rapid Men Prelim"]
[Site "Hefei CHN"]
[Date "2011.07.05"]
[Round "7.8"]
[White "Zhang Hong"]
[Black "Wan Yunguo"]
[Result "0-1"]
[WhiteElo "2054"]
[BlackElo "2462"]

1.d4 Nf6 2.c4 g6 3.Nc3 Bg7 4.e4 d6 5.Nf3 O-O 6.Be2 e5 7.O-O Nc6 8.d5 Ne7
9.Ne1 Nd7 10.Nd3 f5 11.Bd2 Nf6 12.f3 Kh8 13.g4 c6 14.Be3 b5 15.dxc6 bxc4
16.Nb4 a5 17.Nbd5 Nxc6 18.Bb6 Qd7 19.gxf5 gxf5 20.Bxc4 Rb8 21.Kh1 Nh5 22.Bb5 Bb7
23.Bg1 f4 24.Qe1 Qh3 25.Ne2 Nb4 26.Nxb4 axb4 27.Bd3 d5 28.Ba7 Ra8 29.Ng1 Qe6
30.Bc5 Rfc8 31.Bxb4 Nf6 32.Bc3 dxe4 33.fxe4 Ra4 34.Nf3 Nxe4 35.Qh4 h6 36.Bxe4 Rxe4
37.Kg1 Re3 38.Nxe5 Bxe5 39.Qxf4 Rexc3  0-1

[Event "1st ch-CHN Rapid w Prelim"]
[Site "Hefei CHN"]
[Date "2011.07.05"]
[Round "7.1"]
[White "Ju Wenjun"]
[Black "Tan Zhongyi"]
[Result "1/2-1/2"]
[WhiteElo "2515"]
[BlackElo "2396"]

1.d4 Nf6 2.c4 g6 3.Nc3 Bg7 4.e4 d6 5.Nf3 O-O 6.Be2 e5 7.O-O Nc6 8.d5 Ne7
9.b4 Nh5 10.Re1 f5 11.Ng5 Nf6 12.Bf3 c6 13.b5 cxd5 14.cxd5 h6 15.Ne6 Bxe6
16.dxe6 fxe4 17.Nxe4 Nxe4 18.Bxe4 d5 19.Ba3 dxe4 20.Qxd8 Rfxd8 21.Bxe7 Re8
22.Bc5 Rxe6 23.Rxe4 a6 24.bxa6 Rexa6 25.a3 Bf8 26.Bxf8 Kxf8 27.Rxe5 Rxa3
28.Rxa3 Rxa3 29.h4 Rb3 30.h5 gxh5 31.Rxh5 Kg7 32.Rc5 Kg6 33.Kh2 b5 34.Rc6+ Kg5
35.Rc5+ Kg6 36.Rc6+ Kg5 37.Rc5+  1/2-1/2

[Event "1st ch-CHN Rapid w Prelim"]
[Site "Hefei CHN"]
[Date "2011.07.05"]
[Round "8.2"]
[White "Shen Yang"]
[Black "Ju Wenjun"]
[Result "0-1"]
[WhiteElo "2459"]
[BlackElo "2515"]

1.d4 Nf6 2.c4 g6 3.Nc3 Bg7 4.e4 d6 5.Nf3 O-O 6.Be2 e5 7.O-O Nc6 8.d5 Ne7
9.Ne1 Nd7 10.Nd3 f5 11.f3 f4 12.Bd2 g5 13.Rc1 Ng6 14.c5 Nf6 15.Nb5 Rf7 16.Ba5 b6
17.cxb6 cxb6 18.Be1 a6 19.Nc3 h5 20.Bf2 g4 21.Na4 b5 22.Nc3 g3 23.hxg3 fxg3
24.Bxg3 h4 25.Bh2 Nh5 26.f4 Nhxf4 27.Bf3 Qg5 28.Kh1 Bd7 29.Ne2 Nxd3 30.Qxd3 h3
31.gxh3 Bxh3 32.Rg1 Qh6 33.Rc2 Raf8 34.Rg3 Bd7 35.Ng1 Nh4 36.Rc7 b4 37.Qc2 Nxf3
38.Nxf3 Rxf3 39.Rxf3 Rxf3 40.Rxd7 Qh3 41.Qc8+ Kh7 42.Rxg7+ Kxg7 43.Qxh3 Rxh3
44.Kg2 Re3  0-1

[Event "TCh-TUR 2011"]
[Site "Konya TUR"]
[Date "2011.07.05"]
[Round "9"]
[White "Ozen,Bahadir"]
[Black "Olcum,A"]
[Result "1/2-1/2"]
[WhiteElo "1751"]
[BlackElo "1920"]

1.d4 d6 2.c4 Nf6 3.Nc3 g6 4.e4 Bg7 5.Nf3 O-O 6.Be2 e5 7.O-O Nc6 8.d5 Ne7
9.b4 Nh5 10.Re1 f5 11.a4 Nf4 12.Bf1 fxe4 13.Nxe4 Bg4 14.Ra3 h6 15.h3 Bc8
16.Bxf4 Rxf4 17.Rd3 a5 18.g3 Rxe4 19.Rxe4 Bf5 20.Nd2 axb4 21.Qb3 b6 22.Qxb4 Bxe4
23.Nxe4 Nf5 24.Be2 Nd4 25.Bd1 h5 26.Qd2 Qd7 27.g4 hxg4 28.hxg4 Qe7 29.Rh3 Rf8
30.f3 Rf4 31.a5 bxa5 32.Qxa5 Bf8 33.Qa8 Qd7 34.Kg2 c5 35.g5 Qe7 36.Qc8 Kg7
37.Nf6 Rxf6 38.gxf6+ Qxf6 39.Qg4 Nf5 40.Kf2 Nd4 41.Ba4 Be7 42.Bd7 Qf4 43.Qxf4 exf4
44.Rh1 Bd8 45.Bg4 Bf6 46.Bd7 Bd8 47.Be8 Be7 48.Bd7 Bd8 49.Be8 Be7 50.Bd7 Bf6
51.Bc8 Bd8 52.Bd7 Be7 53.Bc8 Nc2 54.Ba6 Nd4 55.Bc8 Bf6 56.Bd7 Nc2 57.Bc8 Ne3
58.Ba6 Bd4 59.Ke2 g5 60.Rb1 Nf5 61.Bc8 Ng3+ 62.Kd3 Be5 63.Bg4 Bd4 64.Rb6 Be5
65.Rb1 Bf6 66.Rb6 Be5 67.Rb1 Kg6 68.Re1 Kf6 69.Rb1 Nf5 70.Rg1 Bd4 71.Rg2 Be3
72.Kc3  1/2-1/2

[Event "5th Varna Open"]
[Site "Golden Sands BUL"]
[Date "2011.07.06"]
[Round "5"]
[White "Subbotsky,M"]
[Black "Hristov,B"]
[Result "1-0"]
[WhiteElo "1984"]
[BlackElo "1696"]

1.d4 Nf6 2.c4 g6 3.Nc3 Bg7 4.e4 O-O 5.Be2 d6 6.Nf3 e5 7.O-O Nc6 8.d5 Ne7
9.Bd2 Nd7 10.Ne1 f5 11.f3 f4 12.Nd3 Nf6 13.b4 g5 14.c5 Qe8 15.Nf2 Ng6 16.Nb5 Qd7
17.cxd6 cxd6 18.Rc1 Ne8 19.Qc2 a6 20.Nc7 Nxc7 21.Qxc7 Rf7 22.Qxd7 Rxd7 23.Rc2 b5
24.Rfc1 Rd8 25.Nd3 h5 26.h3 Rf8 27.Rc6 Rd8 28.Be1 Ne7 29.Rc7 Bd7 30.Bf2 a5
31.Rb7 Kf8 32.Bb6 Rdc8 33.Rxd7 Rxc1+ 34.Nxc1 axb4 35.Rd8+ Rxd8 36.Bxd8 Nc8
37.Bxb5 Na7 38.Ba6  1-0

[Event "1st ch-CHN w Rapid KO"]
[Site "Hefei CHN"]
[Date "2011.07.06"]
[Round "1.2"]
[White "Tan Zhongyi"]
[Black "Ju Wenjun"]
[Result "0-1"]
[WhiteElo "2396"]
[BlackElo "2515"]

1.d4 Nf6 2.c4 g6 3.Nc3 Bg7 4.e4 d6 5.Nf3 O-O 6.Be2 e5 7.O-O Nc6 8.d5 Ne7
9.Ne1 Nd7 10.Nd3 f5 11.f3 f4 12.Bd2 g5 13.Rc1 Nf6 14.c5 Ng6 15.cxd6 cxd6
16.Nb5 Rf7 17.Qc2 Ne8 18.a4 h5 19.Nf2 Bd7 20.Qb3 Bf8 21.Rc4 a6 22.Na3 Nh4
23.h3 Rg7 24.a5 Nf6 25.Qd1 g4 26.fxg4 hxg4 27.Nxg4 Bxg4 28.Bxg4 Nxg4 29.hxg4 Qd7
30.Be1 Rxg4 31.Bxh4 Rxh4 32.Qf3 Re8 33.Nc2 Re7 34.Ne1 Rg7 35.Qb3 Qg4 36.Qf3 Qd7
37.Qc3 Qg4 38.Rc8 Rgh7 39.Kf2 Rh1 40.Rxh1 Rxh1 41.Rb8 Qh4+ 42.Ke2 f3+ 43.gxf3 Rh2+
44.Kd3 Qf2 45.Kc4 Qxb2 46.Qxb2 Rxb2 47.Nd3 Rb5 48.f4 exf4 49.e5 dxe5 50.d6 Kf7
51.d7 Be7 52.Re8 Kf6 53.Nf2 Rc5+ 54.Kb3 Rd5 55.Ng4+ Ke6  0-1

[Event "TCh-TUR 2011"]
[Site "Konya TUR"]
[Date "2011.07.07"]
[Round "11"]
[White "Kasimdzhanov,R"]
[Black "Mamedov,Nid"]
[Result "1-0"]
[WhiteElo "2685"]
[BlackElo "2587"]

1.d4 Nf6 2.c4 g6 3.Nc3 Bg7 4.e4 d6 5.Nf3 O-O 6.Be2 e5 7.O-O Nc6 8.d5 Ne7
9.Nd2 a5 10.a3 Nd7 11.Rb1 f5 12.b4 Kh8 13.f3 axb4 14.axb4 c5 15.bxc5 Nxc5
16.Nb3 b6 17.Nxc5 bxc5 18.Qb3 Ng8 19.Qb6 Bh6 20.Qxd8 Rxd8 21.Rb6 Bxc1 22.Rxc1 Nh6
23.Bd1 Nf7 24.Ba4 f4 25.Rcb1 Kg8 26.Bc6 Ra3 27.Nb5 Ra2 28.Nc7 Kh8 29.Rb8 Ra7
30.Na8 Kg7 31.Nb6 Be6 32.Rxd8 Nxd8 33.Bb5 Bf7 34.Nc8 Ra8 35.Nxd6 Kf6 36.Bd7 Ra7
37.Bh3 Ra6 38.Nxf7 Nxf7 39.Rb5 Nd6 40.Rxc5 Ra2 41.Rc6 Ke7 42.c5 Nb5 43.d6+ Kf7
44.d7 Rd2 45.Rc8  1-0

[Event "WCh-IPCA Open A"]
[Site "Piestany SVK"]
[Date "2011.07.07"]
[Round "6"]
[White "Tersinsev,Andrey"]
[Black "Tatarcik,V"]
[Result "0-1"]
[WhiteElo "1785"]
[BlackElo "1911"]

1.d4 Nf6 2.c4 g6 3.Nc3 Bg7 4.e4 d6 5.Nf3 O-O 6.Be2 e5 7.O-O Nc6 8.d5 Ne7
9.Ne1 c6 10.dxc6 bxc6 11.Bg5 h6 12.Be3 d5 13.exd5 cxd5 14.cxd5 Nexd5 15.Nxd5 Qxd5
16.Qxd5 Nxd5 17.Bc5 Rd8 18.Rd1 Be6 19.g3 e4 20.Bd4 Nb4 21.Bxg7 Rxd1 22.Bxd1 Kxg7
23.a3 Nc6 24.Ng2 Rd8 25.Bc2 f5 26.Nf4 Bc4 27.Rd1 Rxd1+ 28.Bxd1 g5 29.Be2 Bb3
30.Ng2 Nd4 31.Kf1 Kf6 32.Ke1 Ke5 33.Ne3 Nxe2 34.Kxe2 h5 35.Kd2 f4 36.Ng2 Be6
37.Kc3 Bh3 38.Ne1 Bf1 39.Nc2 Kf5 40.Kd4 Bd3 41.Nb4 fxg3 42.fxg3 Kg4 43.Nxd3 exd3
44.Kxd3 Kh3 45.Ke3 Kxh2 46.Kf3 g4+ 47.Kf4 h4  0-1

[Event "86th ch-Paris IdF"]
[Site "Paris FRA"]
[Date "2011.07.08"]
[Round "7.11"]
[White "Kambrath,Y"]
[Black "Moussard,J"]
[Result "0-1"]
[WhiteElo "2132"]
[BlackElo "2426"]

1.d4 d6 2.Nf3 Nf6 3.c4 g6 4.Nc3 Bg7 5.e4 O-O 6.Be2 e5 7.O-O Nc6 8.d5 Ne7
9.Ne1 Nd7 10.Nd3 f5 11.Bd2 Nf6 12.f3 f4 13.c5 g5 14.cxd6 cxd6 15.Nf2 Rf7
16.Qc2 a6 17.a4 b6 18.Rfc1 Ng6 19.Ra3 h5 20.h3 Nh4 21.Na2 Bf8 22.Rc3 Bd7
23.Nb4 Rg7 24.Qd1 a5 25.Nc6 Qe8 26.Be1 Qg6 27.Rb3 g4 28.hxg4 Rh7 29.Kf1 Qh6
30.Nh3 hxg4 31.fxg4 f3 32.gxf3 Ng2 33.Ng1 Qh1 34.Bf2 Bh6 35.f4 Nxf4 36.Bf3 Qh2
37.Rc2 Nxg4 38.Bxg4 Qg2+ 39.Ke1 Bxg4 40.Bxb6 Qxe4+ 41.Re2 Nxe2  0-1

[Event "Karvina Open"]
[Site "Karvina CZE"]
[Date "2011.07.09"]
[Round "8.14"]
[White "Soltau,A"]
[Black "Mitura,K"]
[Result "0-1"]
[WhiteElo "1995"]
[BlackElo "2178"]

1.d4 Nf6 2.c4 g6 3.Nc3 Bg7 4.e4 d6 5.Nf3 O-O 6.Be2 e5 7.O-O Nc6 8.d5 Ne7
9.Ne1 Nd7 10.Be3 f5 11.f3 Nf6 12.Rc1 f4 13.Bf2 g5 14.Nd3 Rf7 15.c5 Ng6 16.cxd6 cxd6
17.Nb5 g4 18.Kh1 g3 19.hxg3 Nh5 20.gxf4 exf4 21.Qe1 a6 22.Na7 Bd7 23.Nc6 bxc6
24.dxc6 Be6 25.Nb4 Qg5 26.Qd2 Ng3+ 27.Bxg3 Qxg3 28.Bc4 Bxc4 29.Rxc4 Ne5 30.Rd4 Bf8
31.Rxd6 Bxd6 32.Qxd6 Qh4+ 33.Kg1 Qe7 34.Qxe7 Rxe7 35.Nd5 Rf7 36.Rc1 Rc8 37.c7 Kf8
38.b4 Rg7 39.Kf1 Rg6 40.a4 Rh6 41.Rc3 Nd7 42.a5 Rd6 43.Ke2 Kf7 44.Nxf4 Nf6
45.e5 Rd4 46.Nd3 Nd5 47.Rc6 Rxc7 48.Rxc7+ Nxc7 49.Ke3 Rc4 50.f4 Nd5+ 51.Kf3 Nxb4  0-1

[Event "9th Niki Open"]
[Site "Nachod CZE"]
[Date "2011.07.09"]
[Round "8.19"]
[White "Vesecky,M"]
[Black "Tichy,M2"]
[Result "1/2-1/2"]
[WhiteElo "2083"]
[BlackElo "2101"]

1.d4 Nf6 2.c4 g6 3.Nc3 Bg7 4.e4 d6 5.Nf3 O-O 6.Be2 e5 7.O-O Nc6 8.d5 Ne7
9.b4 Nh5 10.Re1 f5 11.Ng5 Nf6 12.f3 h6 13.Ne6 Bxe6 14.dxe6 c6 15.Ba3 Ne8
16.Qb3 Nc7 17.Red1 Kh8 18.c5 d5 19.exd5 cxd5 20.Nxd5 Nexd5 21.Bc4 Nxe6 22.Rxd5 Qc7
23.Bb2 Rad8 24.Rxd8 Nxd8 25.Rd1 Nc6 26.Rd6 Rf6 27.Rxf6  1/2-1/2

[Event "ch-NOR"]
[Site "Oslo NOR"]
[Date "2011.07.09"]
[Round "8"]
[White "Thomassen,J"]
[Black "Tjolsen,K"]
[Result "1-0"]
[WhiteElo "2400"]
[BlackElo "2225"]

1.d4 Nf6 2.c4 g6 3.Nc3 Bg7 4.e4 O-O 5.Nf3 d6 6.Be2 e5 7.O-O Nc6 8.d5 Ne7
9.Ne1 Nd7 10.Be3 f5 11.f3 f4 12.Bf2 g5 13.Rc1 Ng6 14.c5 Nxc5 15.b4 Na6 16.Nd3 Rf7
17.Nb5 Bd7 18.a4 Bf8 19.Nxa7 h5 20.Nc6 bxc6 21.dxc6 Be6 22.b5 Nc5 23.Nxc5 dxc5
24.Qxd8 Rxd8 25.a5 Ne7 26.Rxc5 Rd2 27.Rxe5 Rxe2 28.Rxe6 Rb2 29.b6 cxb6 30.axb6 Nc8
31.c7 Be7 32.Rd1 Rf8 33.Bd4 Rb5 34.Rc6 Kf7 35.Kf1 Ke8 36.e5 Kd7 37.Rdc1 Rf5
38.e6+ Ke8 39.Ra1 Rfd5 40.Ra8 Rxd4 41.Rxc8+ Bd8 42.Rxd8+ Rxd8 43.cxd8=Q+ Kxd8
44.Ke2 g4 45.Kd3 Ke7 46.Ke4 g3 47.hxg3 fxg3 48.Kf4 h4 49.Kg4 Rb4+ 50.Kh3 Kf6
51.e7+ Kxe7 52.Rh6  1-0

[Event "SPA Open A"]
[Site "Amsterdam NED"]
[Date "2011.07.10"]
[Round "2"]
[White "Riemersma,L"]
[Black "Hoffman,Ro"]
[Result "1/2-1/2"]
[WhiteElo "2416"]
[BlackElo "2106"]

1.d4 Nf6 2.c4 g6 3.Nc3 Bg7 4.e4 d6 5.Nf3 O-O 6.Be2 e5 7.O-O Nc6 8.d5 Ne7
9.b4 a5 10.Ba3 axb4 11.Bxb4 b6 12.a4 Ne8 13.Qd3 Kh8 14.Rfd1 f5 15.a5 bxa5
16.Bxa5 fxe4 17.Nxe4 Bf5 18.Nfg5 Qd7 19.Bf3 Rb8 20.c5 h6 21.Ne6 Bxe6 22.dxe6 Qxe6
23.Bxc7 Nxc7 24.cxd6 Ncd5 25.dxe7 Nxe7 26.Ra6 Qb3 27.Qd6 Nf5 28.Qxg6 Nh4
29.Qd6 Nxf3+ 30.gxf3 Qxf3 31.Qd3 Qg4+ 32.Kh1 Rb4 33.Re1 Rd4 34.Qe3 Rf4 35.Rg1 Rdxe4
36.Ra8+ Kh7 37.Qd3 Qf3+ 38.Qxf3 Rxf3 39.Ra7 h5 40.Raxg7+ Kh8 41.Rg8+ Kh7
42.R8g7+ Kh8 43.R7g5 Rh4 44.Kg2 Rfh3 45.Rh1 e4 46.Rg3 Rxg3+ 47.fxg3 Rg4 48.Re1 Kg7
49.h3 Rg5 50.Rxe4 Ra5 51.Kf3 Kf6 52.Kf4 Rf5+ 53.Ke3 Ra5 54.Rf4+ Kg5 55.Rd4 Ra3+
56.Rd3 Ra5 57.Ke4 Ra4+ 58.Rd4 Ra3 59.Rd5+ Kg6 60.Rd6+ Kg7 61.Rd3 Ra5 62.Kf4 Rb5
63.Rd7+ Kg6 64.Rd6+ Kg7 65.Re6 Rb3 66.Re3 Rb4+ 67.Re4 Rb3 68.Re3 Rb4+ 69.Ke5 Kg6
70.Rd3 Rb5+ 71.Ke6 Rb6+ 72.Ke5 Rb5+ 73.Kf4 Rb4+ 74.Kf3 Rb6 75.h4 Ra6 76.Ke4 Ra4+
77.Kf3 Ra6 78.Re3 Rb6 79.Kf4 Rb4+ 80.Re4 Rb6 81.Re3 Rb4+ 82.Ke5 Rb5+ 83.Ke6 Rb6+
84.Ke7 Kf5 85.Rc3  1/2-1/2

[Event "10th Condom Open A"]
[Site "Condom FRA"]
[Date "2011.07.10"]
[Round "2.1"]
[White "Sanchez,N"]
[Black "Stets,D"]
[Result "0-1"]
[WhiteElo "2163"]
[BlackElo "2486"]

1.d4 Nf6 2.c4 g6 3.Nc3 Bg7 4.e4 d6 5.Nf3 O-O 6.Be2 e5 7.O-O Nc6 8.d5 Ne7
9.Ne1 Nd7 10.Nd3 f5 11.Bd2 Nf6 12.f3 f4 13.c5 g5 14.Rc1 Ng6 15.cxd6 cxd6
16.Nb5 Rf7 17.Qc2 Ne8 18.a4 h5 19.Nf2 Bf8 20.h3 Nh4 21.Qb3 Rg7 22.Rc2 a6
23.Na3 Bd7 24.Rfc1 Nf6 25.Rc7 Rb8 26.a5 Kh8 27.Qb6 g4 28.hxg4 hxg4 29.fxg4 Be7
30.Be1 Qg8 31.R7c3 Nxg4 32.Nxg4 Bxg4 33.Bxh4 Bxe2 34.Rh3 Rxg2+ 35.Kh1 Qg4
36.Bf6+ Kg8 37.Rh8+ Kf7 38.Rh6 Rh2+  0-1

[Event "St Pauli Open"]
[Site "Hamburg GER"]
[Date "2011.07.10"]
[Round "2.28"]
[White "Wenzel,B"]
[Black "Colpe,M"]
[Result "0-1"]
[WhiteElo "2019"]
[BlackElo "2247"]

1.d4 Nf6 2.c4 g6 3.Nc3 Bg7 4.e4 d6 5.Nf3 O-O 6.Be2 e5 7.O-O Nc6 8.d5 Ne7
9.Nd2 a5 10.a3 Bd7 11.b3 Nc8 12.Bb2 Nb6 13.Qc2 Nh5 14.Rfe1 f5 15.b4 Qe7 16.Nb3 axb4
17.axb4 Nf4 18.Bf1 Na4 19.Nd2 Nxc3 20.Bxc3 c6 21.dxc6 bxc6 22.b5 Qg5 23.Kh1 Ne6
24.Nf3 Qe7 25.Rxa8 Rxa8 26.exf5 gxf5 27.Qxf5 cxb5 28.cxb5 Rb8 29.Bc4 Kh8
30.Nxe5 dxe5 31.Rxe5 Rf8 32.Rxe6 Bxe6 33.Qxe6 Qxe6 34.Bxg7+ Kxg7 35.Bxe6 Re8  0-1

[Event "ch-NOR"]
[Site "Oslo NOR"]
[Date "2011.07.10"]
[Round "9"]
[White "Hole,O"]
[Black "Thomassen,J"]
[Result "1-0"]
[WhiteElo "2383"]
[BlackElo "2400"]

1.Nf3 Nf6 2.c4 g6 3.Nc3 Bg7 4.e4 d6 5.d4 O-O 6.Be2 e5 7.O-O Nc6 8.d5 Ne7
9.b4 Ne8 10.Nd2 f5 11.c5 Nf6 12.a4 Bh6 13.Bf3 fxe4 14.Ndxe4 Bxc1 15.Rxc1 Nf5
16.Nxf6+ Rxf6 17.Ne4 Rf8 18.Bg4 Qe7 19.Re1 Nd4 20.Bxc8 Raxc8 21.Nxd6 Nf3+
22.Qxf3 Rxf3 23.Nxc8 Qg5 24.d6 Rf8 25.Ne7+ Kh8 26.Red1 cxd6 27.cxd6 Rd8 28.h3 Kg7
29.Rc8 Rxd6 30.Rxd6 Qxe7 31.Rcd8 Kh6 32.R8d7 Qf8 33.Re6 Qf4 34.g3 Qxb4 35.Rxe5 Qxa4
36.Ree7 a5 37.Rxh7+ Kg5 38.Rdf7 Qd1+ 39.Kh2  1-0

[Event "Open ch-SVK A"]
[Site "Banska Stiavnica SVK"]
[Date "2011.07.11"]
[Round "3"]
[White "Gleizerov,E"]
[Black "Banduka,Z"]
[Result "1-0"]
[WhiteElo "2590"]
[BlackElo "2122"]

1.d4 Nf6 2.c4 g6 3.Nc3 Bg7 4.e4 d6 5.Nf3 O-O 6.Be2 e5 7.O-O Nc6 8.d5 Ne7
9.Nd2 Ne8 10.b4 f5 11.c5 f4 12.Nc4 g5 13.a4 Ng6 14.Bg4 Nf6 15.Bxc8 Rxc8 16.f3 h5
17.Nb5 a6 18.Nbxd6 cxd6 19.Nxd6 Rc7 20.Ba3 g4 21.Nf5 h4 22.d6 Rcf7 23.b5 Nh5
24.fxg4 Ng3 25.Re1 Nxf5 26.gxf5 f3 27.Qxf3 Nf4 28.Kh1 Bh6 29.c6 Rg7 30.Rg1 Kh7
31.d7 Rfg8 32.Rad1 axb5 33.f6 Qxf6 34.c7  1-0

[Event "Myrhorod Open A"]
[Site "Myrhorod UKR"]
[Date "2011.07.11"]
[Round "5.1"]
[White "Grinev,V"]
[Black "Solovchuk,A"]
[Result "1/2-1/2"]
[WhiteElo "2379"]
[BlackElo "2375"]

1.d4 Nf6 2.c4 g6 3.Nc3 Bg7 4.e4 d6 5.Nf3 O-O 6.Be2 e5 7.O-O Nc6 8.d5 Ne7
9.b4 a5 10.Ba3 Nd7 11.bxa5 Rxa5 12.Bb4 Ra8 13.a4 Nc5 14.Bxc5 dxc5 15.a5 Bd7
16.d6 Nc8 17.dxc7 Qxc7 18.Nd5 Qd8 19.Qd2 Be6 20.Qc3 Ne7 21.Rfb1 Nc6 22.Rxb7 Rxa5
23.Ne7+ Qxe7 24.Rxe7 Rxa1+ 25.Qxa1 Nxe7 26.Qa7 Nc6 27.Qxc5 Rc8 28.Qb6 Bf8
29.Ng5 Nd4 30.Bf1 h6 31.Nxe6 Nxe6 32.g3 Bc5 33.Qb7 Rd8 34.Bh3 Ng5 35.Bd7 Bd4
36.Bc6 Kg7 37.Bd5 Rd6 38.h4 Nf3+ 39.Kg2 Rf6 40.Qb4 g5 41.hxg5 Nxg5 42.f4 exf4
43.gxf4 Rxf4 44.c5 Rf2+ 45.Kg3 Rf3+ 46.Kg2 Rf2+  1/2-1/2

[Event "XX Adolf Anderssen Memorial Open"]
[Site "Wroclaw POL"]
[Date "2011.07.11"]
[Round "6"]
[White "Kozakov,M"]
[Black "Markowski,T"]
[Result "1/2-1/2"]
[WhiteElo "2471"]
[BlackElo "2611"]

1.d4 Nf6 2.c4 g6 3.Nc3 Bg7 4.e4 d6 5.Nf3 O-O 6.Be2 e5 7.O-O Nc6 8.d5 Ne7
9.a4 a5 10.b3 Ne8 11.Ba3 b6 12.b4 axb4 13.Bxb4 Bh6 14.Nb5 f5 15.exf5 gxf5
16.a5 bxa5 17.Rxa5 Rxa5  1/2-1/2

[Event "Open ch-SVK A"]
[Site "Banska Stiavnica SVK"]
[Date "2011.07.12"]
[Round "4"]
[White "Markos,J"]
[Black "Konnyu,J"]
[Result "1-0"]
[WhiteElo "2585"]
[BlackElo "2370"]

1.d4 Nf6 2.c4 g6 3.Nc3 Bg7 4.e4 d6 5.Nf3 O-O 6.Be2 e5 7.O-O Nc6 8.d5 Ne7
9.Ne1 Ne8 10.f3 f5 11.g4 Kh8 12.h4 Ng8 13.Ng2 f4 14.Bd2 Bf6 15.Be1 Be7 16.b4 a5
17.a3 g5 18.h5 Nef6 19.bxa5 Rxa5 20.Qb3 Nh6 21.Nd1 Ra8 22.Nf2 Rg8 23.Bc3 Qe8
24.Ra2 b6 25.a4 Nxh5 26.gxh5 Qxh5 27.Nd3 Rg7 28.Qb2 Nf7 29.Bd1 Rg6 30.Kf2 Kg8
31.Ke1 Qh3 32.Qf2 h5 33.Rg1 Kh7 34.Qf1 Rh6 35.Kd2 Qd7 36.Nge1 Qe8 37.a5 bxa5
38.Rxa5 Rxa5 39.Bxa5 Bd8 40.Qf2 c5 41.Bc3 Ba6 42.Nb2 Qd7 43.Ned3 Bc8 44.Qe1 Qa7
45.Kc2 Bd7 46.Nf2 Kg6 47.Kd3 Rh8 48.Qd2 Bc7 49.Bc2 Rb8 50.Ke2 Qa2 51.Nfd3 g4
52.Nxf4+ exf4 53.e5+ Kg5 54.e6 Ne5 55.Qxf4+ Kxf4 56.Bd2+  1-0

[Event "XXVI Tadeusza Gniota"]
[Site "Police POL"]
[Date "2011.07.12"]
[Round "9.6"]
[White "Urban,K"]
[Black "Kantans,T"]
[Result "1/2-1/2"]
[WhiteElo "2456"]
[BlackElo "2345"]

1.d4 Nf6 2.c4 g6 3.Nc3 Bg7 4.e4 d6 5.Be2 O-O 6.Nf3 e5 7.O-O Nc6 8.dxe5 dxe5
9.Bg5 Bg4 10.Qxd8 Nxd8 11.Bxf6 Bxf3 12.Bxf3 Bxf6 13.Nd5 Bg5 14.Nxc7 Rc8 15.Nb5 Rxc4
16.Nxa7 Ne6 17.Nb5 Rb4 18.Na3  1/2-1/2

[Event "St Pauli Open"]
[Site "Hamburg GER"]
[Date "2011.07.13"]
[Round "6.3"]
[White "Hochgraefe,M"]
[Black "Rogozenco,D"]
[Result "0-1"]
[WhiteElo "2356"]
[BlackElo "2557"]

1.Nf3 Nf6 2.c4 g6 3.Nc3 Bg7 4.e4 d6 5.d4 O-O 6.Be2 e5 7.O-O Nc6 8.d5 Ne7
9.Ne1 Nd7 10.Be3 f5 11.f3 f4 12.Bf2 g5 13.a4 Rf6 14.Nd3 Rh6 15.a5 Nf6 16.Be1 Kh8
17.Nf2 Rg6 18.g4 fxg3 19.hxg3 g4 20.Nxg4 Nxg4 21.fxg4 Bh6 22.Kg2 Ng8 23.Bd2 a6
24.Rf2 Qe7 25.Bxh6 Nxh6 26.Qd2 Bxg4 27.Rh1 Bxe2 28.Nxe2 Qg7 29.Rf3 Nf7 30.Nc3 Rg8
31.Re3  0-1

[Event "34th Aegean Open"]
[Site "Aghios Kirykos GRE"]
[Date "2011.07.14"]
[Round "7"]
[White "Eijk,Yuri"]
[Black "Kanakaris,G"]
[Result "0-1"]
[WhiteElo "2080"]
[BlackElo "2281"]

1.d4 Nf6 2.c4 g6 3.Nc3 Bg7 4.e4 d6 5.Nf3 O-O 6.Be2 e5 7.O-O Nc6 8.d5 Ne7
9.b4 Nh5 10.Re1 f5 11.Ng5 Nf6 12.Bf3 h6 13.Ne6 Bxe6 14.dxe6 c6 15.Ba3 fxe4
16.Nxe4 Nxe4 17.Bxe4 Rf6 18.Qb3 Rxe6 19.Rad1 Kh7 20.b5 Qc7 21.Rd2 Nf5 22.Qd3 Nd4
23.h4 h5 24.Qh3 Qf7 25.bxc6 bxc6 26.Rxd4 exd4  0-1